Xây dựng và ứng dụng ngân hàng bài tập, câu hỏi trắc nghiệm khách quan về các nội dung kiến thức thuộc chủ đề " Nguyên nhân và cơ chế tiến hóa", phần tiến hóa, Sinh học 12 - THPT
Tổng quan tài liệu. Đối tượng và phương pháp nghiên cứu. Kết quả và biện luận
সংরক্ষণ করুন:
| প্রধান লেখক: | |
|---|---|
| অন্যান্য লেখক: | |
| বিন্যাস: | গ্রন্থ |
| ভাষা: | Vietnamese |
| প্রকাশিত: |
Đại học Đà Nẵng
Trường đại học Sư Phạm
2011
|
| মালা: | Khóa luận tốt nghiệp Đại học. Chuyên ngành: Sư phạm Sinh
|
| বিষয়গুলি: | |
| ট্যাগগুলো: |
ট্যাগ যুক্ত করুন
কোনো ট্যাগ নেই, প্রথমজন হিসাবে ট্যাগ করুন!
|
| Thư viện lưu trữ: | Mạng thư viện Đại học Đà Nẵng |
|---|
| LEADER | 01616nam a2200349 4500 | ||
|---|---|---|---|
| 001 | 000011428 | ||
| 003 | 7675 | ||
| 005 | 20120204100230.0 | ||
| 008 | 120204s2011 viesd | ||
| 041 | |a vie | ||
| 072 | |a Khóa luận tốt nghiệp | ||
| 082 | |a 570 |b CH-T | ||
| 100 | |a Chế, Thị Phương Thảo | ||
| 245 | |a Xây dựng và ứng dụng ngân hàng bài tập, câu hỏi trắc nghiệm khách quan về các nội dung kiến thức thuộc chủ đề " Nguyên nhân và cơ chế tiến hóa", phần tiến hóa, Sinh học 12 - THPT |c Chế, Thị Phương Thảo | ||
| 260 | |a Đại học Đà Nẵng |b Trường đại học Sư Phạm |c 2011 | ||
| 300 | |a 48 tr. |b biểu đồ |c 29 cm |e đĩa CD | ||
| 490 | |a Khóa luận tốt nghiệp Đại học. Chuyên ngành: Sư phạm Sinh | ||
| 500 | |a Tham khảo + phụ lục tr.46 - 48 | ||
| 520 | |a Tổng quan tài liệu. Đối tượng và phương pháp nghiên cứu. Kết quả và biện luận | ||
| 653 | |a Khóa luận tốt nghiệp đại học | ||
| 653 | |a Khoa Sinh - Môi Trường | ||
| 700 | |a Trương, Thị Thanh Mai |c Th.S |e Hướng dẫn | ||
| OWN | |a LSP | ||
| AVA | |a UDN50 |b LSP |d 570 CH-T |e available |t Error 5001 Not defined in file expand_doc_bib_avail. |f 1 |g 0 |h N |i 0 |k 1 | ||
| 999 | |a From the UDN01 | ||
| AVA | |a UDN50 |b LSP |d 570 CH-T |e available |t Error 5001 Not defined in file expand_doc_bib_avail. |f 1 |g 0 |h N |i 0 |k 1 | ||
| TYP | |a Monograph | ||
| TYP | |a Printed language | ||
| 980 | |a Mạng thư viện Đại học Đà Nẵng | ||